The Epistle to the Romans: (Record no. 422)

000 -LEADER
fixed length control field 00712nam a2200193 a 4500
001 - CONTROL NUMBER
control field :::00013576$&:&@@
003 - CONTROL NUMBER IDENTIFIER
control field OkBaRHE
005 - DATE AND TIME OF LATEST TRANSACTION
control field 20100324120359.0
008 - FIXED-LENGTH DATA ELEMENTS--GENERAL INFORMATION
fixed length control field s1967 j 000 0 eng u
040 ## - CATALOGING SOURCE
Transcribing agency
100 1# - MAIN ENTRY--PERSONAL NAME
Personal name Murray, John, 1898-1975.
245 14 - TITLE STATEMENT
Title The Epistle to the Romans:
Remainder of title the English text with introduction, exposition and notes.
260 ## - PUBLICATION, DISTRIBUTION, ETC. (IMPRINT)
Place of publication, distribution, etc London, UK:EN., :
Name of publisher, distributor, etc Marshall, Morgan & Scott
Date of publication, distribution, etc 1967
300 ## - PHYSICAL DESCRIPTION
Extent [735] p. ;
Dimensions 23 cm.
490 0# - SERIES STATEMENT
Series statement The new London commentary on the New Testament.
650 ## - SUBJECT ADDED ENTRY--TOPICAL TERM
Topical term or geographic name as entry element Bible New Testament Romans
General subdivision Commentaries
942 ## - ADDED ENTRY ELEMENTS (KOHA)
Source of classification or shelving scheme
Koha item type Books
Copies
Price effective from Permanent Location Source of classification or shelving scheme Date acquired Lost status Copy number Barcode Collection code Full call number Withdrawn status Damaged status Date last seen Koha item type Shelving location Not for loan
2010-04-14RHEMA Bible Training College 2010-04-14 113576ReferenceBS 2665.3 .M8 1967  2018-03-28BooksGeneral Stacks